| 000 | 004300000a22001690004500 | ||
|---|---|---|---|
| 003 | MACL | ||
| 005 | 20160105160900.0 | ||
| 008 | 160105b xxu||||| |||| 00| 0 eng d | ||
| 040 |
_aMACL _cMACL |
||
| 041 | _aEnglish | ||
| 082 | _a823/TOL | ||
| 100 |
_aTolstoy, Alexel _928212 |
||
| 245 | _aOrdeal A Trilogy | ||
| 260 |
_bForeign Languages Publishing House _c1953 _aMoscow |
||
| 650 |
_aFiction _928213 |
||
| 942 |
_cBK _k823/Tol _2ddc |
||
| 999 |
_c35035 _d35035 |
||